000 00415nam a2200157Ia 4500
008 100122s9999 xx 000 0 und d
082 _b30516
_a823
100 _aखानोलकर चिं त्र्यं
245 _aअजगर
250 _a1
260 _bमौज प्रकाशन गृह
_c1977
300 _a1977
630 _aअजगर
730 _aअजगर
942 _cBOOK
999 _c415347
_d415344